K základným otázkam a riadeniu rizika skrytých záväzkov a podmienených dlhov vo verejných financiách

Riziko ako ekonomická kategória. Riadenie rizika skrytých záväzkov a podmieneného dlhu. Možnosti využitia modelového riadenia rizika. Charakteristika typov rizík.

Salvato in:
Dettagli Bibliografici
Autore principale: Beličková, Kornélia, 1966-
Altri autori: Baláži, Peter, Bobovník, Matej
Natura: Capitolo di libro
Lingua:slovacco
Soggetti:
Tags: Aggiungi Tag
Nessun Tag, puoi essere il primo ad aggiungerne!!

MARC

LEADER 00000naa$a2200000$$$4500
001 0093711
005 20240502072038.2
041 0 |a slo 
044 |a SK 
245 1 0 |a K základným otázkam a riadeniu rizika skrytých záväzkov a podmienených dlhov vo verejných financiách  |c Kornélia Beličková, Peter Baláži, Matej Bobovník 
520 |a Riziko ako ekonomická kategória. Riadenie rizika skrytých záväzkov a podmieneného dlhu. Možnosti využitia modelového riadenia rizika. Charakteristika typov rizík. 
610 2 0 |a riadenie rizík 
610 2 0 |a financie verejné 
610 2 0 |a záväzky 
610 2 0 |a dlhy 
610 2 0 |a risk management 
610 2 0 |a benchmarking 
610 2 0 |a metóda Value at Risk 
100 1 |a Beličková, Kornélia, 1966- 
700 1 |a Baláži, Peter 
700 1 |a Bobovník, Matej